000 00692nam a2200253Ia 4500
003 OSt
005 20220918163215.0
006 a|||||r|||| 00| 0
007 ta
008 220917b |||||||| |||| 00| 0 eng d
020 _a0 297 77295 3
024 _a32,044
037 _cTextual
040 _aARTS
_cARTS
_beng
041 _2eng
_aeng
082 _aO111,3M90:g, L7
100 _aKeating H R F ed
_911995
245 0 _aGatha Christie
_b first lady of crime
260 _aLondon
_bWeidenfeld And Nicolson UK
_c1977
300 _a224p.
_ccm.
650 _aENGLISH LITERATURE
942 _hO111,3M90:g, L7
_cTEXL
_2CC
999 _c118442
_d118442